[Event "Icara op U2200 1st"]
[Site "Icara"]
[Date "2016.08.07"]
[Round "5"]
[White "Topanotti, Vinicius Valga"]
[Black "Topanotti, Adriano Valga"]
[Result "1/2-1/2"]
[WhiteElo "1771"]
[BlackElo "1739"]
[PlyCount "82"]
[EventDate "2016.08.05"]
[EventType "swiss"]
[EventRounds "7"]
[EventCountry "BRA"]
[SourceTitle "CBM 173 Extra"]
[Source "ChessBase"]
[SourceDate "2016.08.29"]
[SourceVersion "1"]
[SourceVersionDate "2016.08.29"]
[SourceQuality "1"]

1. c4 Nf6 2. g3 g6 3. Bg2 Bg7 4. Nc3 0-0 5. d4 c5 6. Nf3 d6 7. 0-0 a6 8. Bf4 cxd4 9. Nd5 Nc6 10. Qd2 Ne4 11. Qc1 e6 12. Ne1 Nc5 13. b4 d3 14. Nc3 Na4 15. Nxa4 dxe2 16. Rb1 exf1Q+ 17. Kxf1 Ne5 18. Be3 Qc7 19. Nb6 Rb8 20. f4 Ng4 21. Bg1 Nxh2+ 22. Ke2 Ng4 23. Nf3 Bd7 24. Ng5 Bc6 25. Qf1 Bxg2 26. Qxg2 Rfe8 27. Kd3 Qc6 28. Qe2 h5 29. Kc2 d5 30. c5 Rbd8 31. a3 d4 32. Rd1 d3+ 33. Rxd3 Rxd3 34. Qxd3 Qg2+ 35. Kb3 Qxg1 36. Qd7 Rf8 37. Nc8 Nf6 38. Ne7+ Kh8 39. Nxf7+ Kh7 40. Ng5+ Kh6 41. Ka4 Ng8 1/2-1/2

[Event "Icara op U2200 1st"]
[Site "Icara"]
[Date "2016.08.06"]
[Round "4"]
[White "Topanotti, Adriano Valga"]
[Black "Senger, Maria Clara da Silv"]
[Result "1-0"]
[WhiteElo "1739"]
[BlackElo "1236"]
[PlyCount "63"]
[EventDate "2016.08.05"]
[EventType "swiss"]
[EventRounds "7"]
[EventCountry "BRA"]
[SourceTitle "CBM 173 Extra"]
[Source "ChessBase"]
[SourceDate "2016.08.29"]
[SourceVersion "1"]
[SourceVersionDate "2016.08.29"]
[SourceQuality "1"]

1. e4 d6 2. d4 Nf6 3. Nc3 g6 4. Nf3 Bg7 5. Bc4 0-0 6. 0-0 c5 7. h3 cxd4 8. Nxd4 Bd7 9. Be3 Nc6 10. Qd2 Rc8 11. Bb3 Nxd4 12. Bxd4 a6 13. Rad1 b5 14. a3 a5 15. Rfe1 b4 16. axb4 axb4 17. Na2 Bc6 18. Qxb4 Nxe4 19. Bxg7 Kxg7 20. Rxe4 Bxe4 21. Qxe4 e6 22. Qd4+ Kg8 23. Qxd6 Qxd6 24. Rxd6 Rcd8 25. Rxd8 Rxd8 26. Nc3 Kf8 27. Kf1 Ke7 28. Ke2 Kd6 29. Ne4+ Ke5 30. Ke3 Rd1 31. f4+ Kf5 32. g4# 1-0

[Event "BRA-ch U20"]
[Site "Icara"]
[Date "2016.06.26"]
[Round "6"]
[White "Topanotti, Adriano Valga"]
[Black "Topanotti, Vinicius Valga"]
[Result "1/2-1/2"]
[WhiteElo "1703"]
[BlackElo "1776"]
[PlyCount "46"]
[EventDate "2016.06.23"]
[EventType "swiss"]
[EventRounds "7"]
[EventCountry "BRA"]
[SourceTitle "EXT 2017"]
[Source "ChessBase"]
[SourceDate "2016.10.25"]
[SourceVersion "1"]
[SourceVersionDate "2016.10.25"]
[SourceQuality "1"]

1. e4 c5 2. Nf3 g6 3. c3 Bg7 4. d4 b6 5. Be3 Bb7 6. Nbd2 Nf6 7. Bc4 0-0 8. Qc2 d5 9. Bd3 cxd4 10. Nxd4 Nc6 11. Nxc6 Bxc6 12. 0-0 Rc8 13. Rad1 Qc7 14. Rfe1 Nxe4 15. Nxe4 dxe4 16. Bxe4 Rfd8 17. Bxc6 Qxc6 18. Rxd8+ Rxd8 19. Rd1 Rd5 20. h3 Rd7 21. Rxd7 Qxd7 22. Qd2 Qxd2 23. Bxd2 Kf8 1/2-1/2

[Event "Forquilhinha op"]
[Site "Forquilhinha"]
[Date "2013.10.13"]
[Round "6"]
[White "Martins, Anderson Donay"]
[Black "Topanotti, Adriano Valga"]
[Result "1/2-1/2"]
[WhiteElo "1925"]
[BlackElo "1829"]
[PlyCount "36"]
[EventDate "2013.10.10"]
[EventType "swiss"]
[EventRounds "7"]
[EventCountry "BRA"]
[SourceTitle "EXT 2014"]
[Source "ChessBase"]
[SourceDate "2013.11.20"]
[SourceVersion "1"]
[SourceVersionDate "2013.11.20"]
[SourceQuality "1"]

1. d4 Nf6 2. c4 g6 3. Nc3 Bg7 4. e4 d6 5. Be2 Nbd7 6. Be3 e5 7. d5 b6 8. h4 h5 9. f3 a5 10. Nh3 Nc5 11. Nf2 Bd7 12. Qd2 Qe7 13. Bg5 Qf8 14. Nd3 Nxd3+ 15. Bxd3 Bh6 16. c5 bxc5 17. Nb5 Bxb5 18. Bxb5+ Nd7 1/2-1/2

[Event "Forquilhinha op"]
[Site "Forquilhinha"]
[Date "2013.10.12"]
[Round "5"]
[White "Topanotti, Adriano Valga"]
[Black "Wieth, Kelvin Eduardo"]
[Result "1/2-1/2"]
[WhiteElo "1829"]
[BlackElo "1887"]
[PlyCount "103"]
[EventDate "2013.10.10"]
[EventType "swiss"]
[EventRounds "7"]
[EventCountry "BRA"]
[SourceTitle "EXT 2014"]
[Source "ChessBase"]
[SourceDate "2013.11.20"]
[SourceVersion "1"]
[SourceVersionDate "2013.11.20"]
[SourceQuality "1"]

1. e4 c5 2. Nf3 e6 3. d4 cxd4 4. Nxd4 Nf6 5. Nc3 Nc6 6. Nb3 a6 7. Bd3 b5 8. a3 Bb7 9. 0-0 Be7 10. Be3 0-0 11. f4 d6 12. g4 Nd7 13. g5 Nc5 14. Nxc5 dxc5 15. Qh5 c4 16. Be2 Nd4 17. Rad1 Nxe2+ 18. Qxe2 Qc7 19. Bd4 Bc5 20. Bxc5 Qxc5+ 21. Qf2 Qc6 22. Rfe1 Rad8 23. Kf1 a5 24. Rxd8 Rxd8 25. e5 Qa6 26. Qc5 Qc6 27. Qxc6 Bxc6 28. Rd1 Rxd1+ 29. Nxd1 f6 30. Kf2 fxg5 31. fxg5 Kf7 32. Kg3 Ke7 33. Ne3 Be8 34. Kf3 Bh5+ 35. Ke4 Kd7 36. Kd4 Kc6 37. b3 cxb3 38. cxb3 Bf3 39. b4 a4 40. Nf1 g6 41. Ng3 Bg2 42. h4 Bf3 43. Nf1 Bg2 44. Ne3 Bf3 45. Nc2 Bd5 46. Ne1 Bc4 47. Ng2 Be2 48. Nf4 Bg4 49. Nd3 Bh3 50. Nc5 Bf5 51. Na6 Kb7 52. Nc5+ 1/2-1/2